000 01016nmc a2200325 a 4500
003 AR-BaBNM
005 20251128203242.0
008 127019s1968 ||||||||||||||000 | spa||
040 _cAR-BaBNM
100 1 _aFeirer, John L.
245 1 0 _aLa enseñanza de las artes industriales
250 _a1ª ed.
260 _aBuenos Aires
_aMéxico, D.F.
_bTroquel
_bCentro Regional de Ayuda Técnica. Agencia para el Desarrrollo Internacional
_c1968
300 0 _a146 p.
490 0 _aBiblioteca de la nueva educación
500 0 _aGlosario p. 139-144
504 _aBibliografía p. 137-138
650 4 _aENSENANZA TECNICA
650 4 _aENSENANZA INDUSTRIAL
650 4 _aPROGRAMAS DE ENSENANZA
650 4 _aARTES INDUSTRIALES
650 4 _aPROGRAMAS DE EDUCACION DE ADULTOS
650 4 _aCURRICULO
650 4 _aINVESTIGACION SOBRE EL CURRICULO
700 1 _aLindbeck, John R.
700 1 _aMicheels, William J.
_eprologuista
700 1 _aAlbert, Rosa
_etraductor
942 _cBK
998 _cCarmen
999 _c2579
_d2579